01093cam a2200241 a 450000500170000000800410001702000150005804000290007304100080010204400070011008200180011724500780013525000220021326001890023530000840042450000230050850400420053165000340057365000340060771000770064171000480071871000850076620160418095712.0970613s1995 mx ab b f000 0 spa d a9688173339 aFUGcFUGdDLCdCO-BoIAVH0 aspa amx00a333.782bR43b00aReservas de la biosfera y otras áreas naturales protegidas de México. aPrimera edición aMéxico :bSecretaría de Medio Ambiente, Recursos Naturales y Pesca :bInstituto Nacional de Ecología :bComisión Nacional para el Conocimiento y Uso de la Biodiversidad,c1995. a159 páginas :bilustraciones a color y mapas a color ;c43 x 28 centímetros aIncluye índices. aIncluye referencias bibliográficas. 6aReservas NaturaleszMéxico. 6aÁreas protegidaszMéxico.1 aMéxico.b, Secretaría de Medio Ambiente, Recursos Naturales y Pesca.2 aInstituto Nacional de Ecología (México)1 aMéxico.b, Comisión Nacional para el Conocimiento y Uso de la Biodiversidad.